ბათუმის შოთა რუსთაველის სახელმწიფო უნივერსიტეტის ბიბლიოთეკა

გეოპოლიტიკური და გეოსტრატეგიული ტრანსფორმაცია ევროპაში : დამხმ. სახელმძღვ. / (ბიბ.ჩანაწერი № 38510)

000 -ლიდერი
ფიქსირებული სიგრძის საკონტროლო ველი 01540nam a2200265Ia 4500
001 - საკონტროლო ნომერი
საკონტროლო ველი 4611
003 - საკონტროლო ნომრის იდენტიფიკატორი
საკონტროლო ველი GE_BSU
005 - ბოლო ოპერაციის თარიღი და დრო
საკონტროლო ველი 20190510182451.0
008 - ფიქსირებული სიგრძის მონაცემთა ელემენტები - ზოგადი ინფორმაცია
ფიქსირებული სიგრძის საკონტროლო ველი 181216s2001|||| |||||||||||||| ||geo||
020 ## - წიგნის საერთაშორისო სტანდარტული ნომერი
International Standard Book Number 999283224X
040 ## - კატალოგიზაციის წყარო
Transcribing agency GE_BSU
041 ## - ენის კოდი
Language code of text/sound track or separate title geo
080 ## - უნივერსალური ათობითი კლასიფიკაციის ინდექსი
Universal Decimal Classification number 316.25(975.8) კ–34
100 ## - მთავარი ჩანაწერი - პიროვნების სახელი
Personal name კაციტაძე, კახაბერ
9 (RLIN) 990
245 ## - ცნობა სათაურის შესახებ
Title გეოპოლიტიკური და გეოსტრატეგიული ტრანსფორმაცია ევროპაში : დამხმ. სახელმძღვ. /
Statement of responsibility, etc კახაბერ კაციტაძე ; სერიის მთ. რედ : მარინა ჩიტაშვილი ; რედ : ლია კაჭარავა
264 ## - წარმოების, გამოცემის, დისტრიბუციის და სხვა ცნობები
გამოცემის, წარმოების, დისტრიბუციის... ადგილი თბილისი .:
გამოცემის, წარმოების, დისტრიბუციის... სახელწოდება მერიდიანი,
გამოცემის, წარმოების, დისტრიბუციის... თარიღი 2001.
300 ## - ფიზიკური აღწერა
Extent 164 გვ. ;
Dimensions 20სმ;
440 ## - სერიის ცნობა / დამატებულია ჩანაწერი - სათაური
Title სოციალურ მეცნიერებათა სერია
9 (RLIN) 955
504 ## - BIBLIOGRAPHY, ETC. NOTE
Bibliography, etc ბიბლიოგრ.:გვ.163
653 ## - INDEX TERM--UNCONTROLLED
Uncontrolled term გეოპოლიტიკა გეოსტრატეგია
653 ## - INDEX TERM--UNCONTROLLED
Uncontrolled term გეოპოლიტიკური და გეოსტრატეგიული ტრანსფორმაცია ევროპაში
700 ## - ADDED ENTRY--PERSONAL NAME
Personal name ჩიტაშვილი, მარინა
Relator term სერიის მთავარი რედაქტორი
9 (RLIN) 991
700 ## - ADDED ENTRY--PERSONAL NAME
Personal name კაჭარავა, ლია
Relator term რედაქტორი
9 (RLIN) 992
942 ## - ADDED ENTRY ELEMENTS (KOHA)
Koha item type წიგნი
Source of classification or shelving scheme
ეგზემპლარები
ჩამოწერის სტატუსი დაკარგული ეგზემპლარის სტატუსი კლასიფიკაციის წყარო ან თაროზე გაწყობის სქემა დაზიანების სტატუსი არ გაიცემა მუდმივი მდებარეობა (დაცვის ადგილი) ამჟამინდელი ადგილსამყოფელი თაროზე განთავსების ადგილი შეძენის თარიღი სრული შენახვის შიფრი შტრიხკოდი ბოლო ოპერაციის თარიღი ეგზემპლარის მიმდევრობითი ნომერი (კეტერი?) ფასის ძალაში შესვლის თარიღი ეგზემპლარის სახეობა ღირებულება, შესყიდვის ნორმალური ფასი საჯარო შენიშვნა
          ბათუმის შოთა რუსთაველის სახელმწიფო უნივერსიტეტის მთავარი ბიბლიოთეკა ბათუმის შოთა რუსთაველის სახელმწიფო უნივერსიტეტის მთავარი ბიბლიოთეკა წიგნსაცავი 2022-10-24 316.25(975.8) კ–34 28749 2022-10-24 28749 2022-10-24 წიგნი 5.00 5 ლ.
          ტექნოლოგიური ფაკულტეტის ბიბლიოთეკა ტექნოლოგიური ფაკულტეტის ბიბლიოთეკა წიგნსაცავი 2018-12-17 316.25(975.8) კ–34 8351 2018-12-17 8351 2018-12-17 წიგნი